Správa o menovom vývoji v Slovenskej republike za rok 1993. 1

Správa predložená na rokovanie NR SR 7.6.1994. Menový vývoj: inflácia, vklady a úvery, peňažná zásoba, úrokové miery, platobná bilancia a devízové rezervy, dlhová služba a NBS, vývoj zahraničných úverov, peňažného a kapitálového trhu, banky. Menová politika.

Salvato in:
Dettagli Bibliografici
Natura: Capitolo di libro
Lingua:slovacco
Soggetti:
Tags: Aggiungi Tag
Nessun Tag, puoi essere il primo ad aggiungerne!!

MARC

LEADER 00000naa a2200000 4500
001 r015568
005 20221205091334.2
041 0 |a slo 
044 |a SK 
245 1 0 |a Správa o menovom vývoji v Slovenskej republike za rok 1993. 1 
520 |a Správa predložená na rokovanie NR SR 7.6.1994. Menový vývoj: inflácia, vklady a úvery, peňažná zásoba, úrokové miery, platobná bilancia a devízové rezervy, dlhová služba a NBS, vývoj zahraničných úverov, peňažného a kapitálového trhu, banky. Menová politika. 
610 2 0 |a mena 
610 2 0 |a politika menová 
610 2 0 |a Slovensko 
610 2 0 |a 1993 
610 2 0 |a údaje štatistické 
610 2 0 |a inflácia 
610 2 0 |a vklady 
610 2 0 |a úver bankový 
610 2 0 |a zásoba peňažná 
610 2 0 |a miera úroková 
610 2 0 |a bilancia platobná 
610 2 0 |a rezervy devízové 
610 2 0 |a zadlženosť zahraničná 
610 2 0 |a NBS Bratislava 
610 2 0 |a úver zahraničný 
610 2 0 |a trh kapitálový 
610 2 0 |a trh peňažný 
610 2 0 |a banky 
610 2 0 |a zadlženosť vnútorná